[Event "Pige NM Gruppe B 2011"]
[Site "Jetsmark"]
[Date "2011.04.08"]
[Round "1"]
[White "Bengtsson, Jessica"]
[Black "Nicolajsen, Thea"]
[Result "1-0"]
[WhiteElo "1799"]
[BlackElo "1666"]
[PlyCount "63"]
[EventDate "2011.??.??"]


1. e4 c5 2. c3 Nf6 3. e5 Nd5 4. d4 cxd4 5. Nf3 e6 6. cxd4 b6 7. Nc3 Nxc3 8.
bxc3 Qc7 9. Bd2 Bb7 10. Bd3 d6 11. O-O Nd7 12. Ng5 g6 13. Qg4 Be7 14. Rae1 dxe5
15. f4 Nf6 16. Qh3 e4 17. Nxe4 Nxe4 18. Bxe4 Bxe4 19. Rxe4 Qc4 20. Qf3 Qd5 21.
Qe2 Rc8 22. Rf3 Rc7 23. Rd3 Rg8 24. Re5 Qxa2 25. Qe4 Kf8 26. h3 Qb1+ 27. Kh2
Bf6 28. d5 Bxe5 29. fxe5 exd5 30. Bh6+ Ke7 31. Qxd5 Rgc8 32. Qd6+ 1-0

[Event "Pige NM Gruppe B 2011"]
[Site "Jetsmark"]
[Date "2011.04.08"]
[Round "1"]
[White "Larsen, Kristine Aaen"]
[Black "Olsen, Sara Traber"]
[Result "1/2-1/2"]
[WhiteElo "1400"]
[BlackElo "1463"]
[PlyCount "72"]
[EventDate "2011.??.??"]


1. e4 d6 2. Nc3 g6 3. Bc4 Nf6 4. d3 Bg7 5. Nge2 O-O 6. b4 a6 7. Bb2 Nc6 8. a3
e6 9. Rb1 Re8 10. O-O b5 11. Ba2 d5 12. exd5 exd5 13. Nf4 d4 14. Ncd5 Nxd5 15.
Bxd5 Bb7 16. Qf3 Qd7 17. Rbc1 Ne5 18. Qe4 Nc4 19. Qf3 Bxd5 20. Qxd5 Qxd5 21.
Nxd5 Nxb2 22. Nxc7 Rac8 23. Nxe8 Rxe8 24. Rfe1 Rxe1+ 25. Rxe1 Kf8 26. f4 Na4
27. Kf2 Nc3 28. Kf3 h5 29. h3 Bf6 30. g3 Bg7 31. g4 hxg4+ 32. hxg4 Nd5 33. Ke4
Nc3+ 34. Kf3 Nd5 35. Ke4 Nc3+ 36. Kf3 Nd5 1/2-1/2

[Event "Pige NM Gruppe B 2011"]
[Site "Jetsmark"]
[Date "2011.04.08"]
[Round "1"]
[White "Hauksdottir, Hrund"]
[Black "Segerfelt, Louise"]
[Result "1/2-1/2"]
[WhiteElo "1497"]
[BlackElo "1497"]
[PlyCount "76"]
[EventDate "2011.??.??"]


1. e4 e5 2. Nf3 Nc6 3. Bc4 Bc5 4. O-O Nf6 5. d4 Bxd4 6. Nxd4 Nxd4 7. Bg5 h6 8.
Bh4 d6 9. f4 Qe7 10. Nc3 c6 11. fxe5 dxe5 12. Bxf6 gxf6 13. Qd2 Bg4 14. Qf2
O-O-O 15. Be2 Nxe2+ 16. Nxe2 Kb8 17. Ng3 Rhg8 18. Qxf6 Qc5+ 19. Qf2 Qxf2+ 20.
Rxf2 Rd7 21. Raf1 Be6 22. b3 Rgd8 23. Nh5 Rd2 24. h3 R2d4 25. Nf6 a5 26. Re1 a4
27. Nh5 axb3 28. axb3 Rd2 29. Ng7 Rxf2 30. Kxf2 Rd2+ 31. Re2 Rxe2+ 32. Kxe2 Bd7
33. b4 Kc7 34. Nh5 f5 35. Nf6 Be6 36. exf5 Bxf5 37. c3 Kd6 38. g4 Be6 1/2-1/2

[Event "Pige NM Gruppe B 2011"]
[Site "Jetsmark"]
[Date "2011.04.08"]
[Round "1"]
[White "Haukenes, Alise"]
[Black "Linde, Sif Tylvad"]
[Result "1-0"]
[WhiteElo "1448"]
[BlackElo "1283"]
[PlyCount "175"]
[EventDate "2011.??.??"]


1. d4 d5 2. Nf3 Nc6 3. Bf4 Bf5 4. a3 e6 5. e3 a6 6. Bd3 Bxd3 7. Qxd3 Bd6 8. Bg3
Bxg3 9. hxg3 Nf6 10. Nbd2 Qd7 11. c4 dxc4 12. Nxc4 O-O-O 13. Nfe5 Nxe5 14. Nxe5
Qe7 15. b4 Nd7 16. Nxd7 Qxd7 17. Rxh7 g6 18. Rh3 e5 19. Rxh8 Rxh8 20. Ke2 exd4
21. Qxd4 Qb5+ 22. Qd3 Qc6 23. Rd1 Rf8 24. Qd5 Qf6 25. Qd7+ Kb8 26. Rd2 Qc3 27.
Qd3 Qc6 28. Rc2 Qxg2 29. Qd7 Rc8 30. Qxf7 g5 31. Qf5 Qh2 32. Qxg5 Rf8 33. Kd3
Rxf2 34. Rxf2 Qxf2 35. Qd8+ Ka7 36. Qxc7 Qf1+ 37. Kd4 Qd1+ 38. Ke4 Qh1+ 39. Kf5
Qh5+ 40. Kf4 Qh6+ 41. Kf3 Qh1+ 42. Kf4 Qh6+ 43. Kf5 Qh5+ 44. Ke6 Qg4+ 45. Kd5
Qd1+ 46. Ke6 Qg4+ 47. Kf6 Qf3+ 48. Qf4 Qc6+ 49. Kg5 Qd5+ 50. Qf5 Qg8+ 51. Kf4
Qc4+ 52. e4 Qc1+ 53. Kg4 Qd1+ 54. Kh4 Qh1+ 55. Kg5 Qc1+ 56. Qf4 Qxa3 57. Qf2+
Ka8 58. Qf8+ Ka7 59. Qc5+ Kb8 60. g4 Qd3 61. e5 Qd1 62. Kf5 Qd3+ 63. Kf4 Qd2+
64. Kf3 Qd1+ 65. Kg3 Qe1+ 66. Kf4 Qd2+ 67. Kf5 Qd3+ 68. Kg5 Qd8+ 69. Kg6 Qg8+
70. Kf5 Qf7+ 71. Kg5 Qg7+ 72. Kf4 Qh6+ 73. Kg3 Qh7 74. Qd6+ Ka7 75. e6 Qg7 76.
Qc5+ b6 77. Qd6 Qc3+ 78. Kf4 Qf6+ 79. Ke4 Qg6+ 80. Kd5 Qd3+ 81. Kc6 Qb5+ 82.
Kc7 a5 83. e7 Qc4+ 84. Kd8 Kb7 85. Qd7+ Ka8 86. e8=Q Qxb4 87. Qc8+ Ka7 88.
Qed7# 1-0

[Event "Pige NM Gruppe B 2011"]
[Site "Jetsmark"]
[Date "2011.04.08"]
[Round "1"]
[White "Rodsmoen, Maud"]
[Black "Nhung, Elin"]
[Result "1-0"]
[WhiteElo "1416"]
[BlackElo "1310"]
[PlyCount "148"]
[EventDate "2011.??.??"]


1. e4 e5 2. Nf3 Nc6 3. Bb5 d6 4. h3 Nf6 5. Nc3 Bd7 6. O-O Be7 7. Re1 O-O 8. d3
a6 9. Ba4 Re8 10. Ne2 b6 11. c3 Na5 12. Bxd7 Qxd7 13. Ng3 g6 14. d4 Rad8 15.
Bg5 Qb5 16. Qe2 Qxe2 17. Rxe2 Nc6 18. d5 Na5 19. b3 b5 20. Bd2 Nb7 21. Rc1 Rc8
22. c4 bxc4 23. Rxc4 Red8 24. Bb4 Rd7 25. Rec2 Nc5 26. Bxc5 dxc5 27. Nxe5 Rdd8
28. Nc6 Re8 29. Nxe7+ Rxe7 30. f4 h6 31. Kf2 h5 32. h4 Kg7 33. Kf3 Rd7 34. Rxc5
Kh6 35. Rc6 Kg7 36. Rxa6 Ne8 37. Ke3 Rb8 38. Kd4 Nd6 39. e5 Nb5+ 40. Ke4 Re7
41. Kd3 Rd7 42. Kc4 Kf8 43. Rd2 Ke7 44. Ne4 Rdd8 45. Ng5 Rb7 46. Rf6 Na3+ 47.
Kc3 Nb1+ 48. Kc2 Nxd2 49. Rxf7+ Ke8 50. Kxd2 Rxd5+ 51. Ke3 Rd7 52. Rxd7 Kxd7
53. Kd3 Rb4 54. g3 c6 55. Ne4 Ke6 56. Nf2 Kf5 57. Kc3 c5 58. Nd3 Re4 59. a4 Re3
60. a5 Rxg3 61. a6 Rg1 62. Kb2 Rg2+ 63. Ka3 Rg1 64. Ka2 Rg2+ 65. Kb1 Rg1+ 66.
Kc2 Rg2+ 67. Kc3 Ra2 68. Nxc5 Ra5 69. Kb4 Ra2 70. e6 Kf6 71. Kb5 Ke7 72. Kb6
Kd6 73. a7 Rxa7 74. Kxa7 Kxc5 1-0

[Event "Pige NM Gruppe B 2011"]
[Site "Jetsmark"]
[Date "2011.04.09"]
[Round "2"]
[White "Nicolajsen, Thea"]
[Black "Hauksdottir, Hrund"]
[Result "0-1"]
[WhiteElo "1666"]
[BlackElo "1497"]
[PlyCount "92"]
[EventDate "2011.??.??"]


1. d4 Nc6 2. d5 Ne5 3. e4 Nf6 4. f4 Ng6 5. Nc3 d6 6. Nf3 c6 7. dxc6 bxc6 8. f5
Ne5 9. Nxe5 dxe5 10. Qxd8+ Kxd8 11. Bc4 Ke8 12. Bg5 g6 13. fxg6 hxg6 14. O-O-O
Ng4 15. Rhf1 f6 16. h3 Nh6 17. Rxf6 exf6 18. Bxf6 Nf7 19. Bxf7+ Kxf7 20. Bxh8
Bh6+ 21. Kb1 Bxh3 22. Rh1 Rxh8 23. Rxh3 Kg7 24. b3 Rf8 25. Rf3 Rd8 26. g3 Rd4
27. Rd3 Kf6 28. Ne2 Rxe4 29. Nc3 Re3 30. Rxe3 Bxe3 31. Ne2 Kf5 32. c4 Ke4 33.
Kc2 Kf3 34. Kd3 e4+ 35. Kc2 Kxe2 36. b4 Bd4 37. b5 c5 38. a4 Kf2 39. a5 e3 40.
a6 Be5 41. b6 Bb8 42. g4 e2 43. b7 e1=Q 44. g5 Ke3 45. Kb2 Kd3 46. Ka2 Kc2 0-1

[Event "Pige NM Gruppe B 2011"]
[Site "Jetsmark"]
[Date "2011.04.09"]
[Round "2"]
[White "Linde, Sif Tylvad"]
[Black "Nhung, Elin"]
[Result "1-0"]
[WhiteElo "1283"]
[BlackElo "1310"]
[PlyCount "99"]
[EventDate "2011.??.??"]


1. e4 e5 2. Nf3 Nc6 3. Bc4 Nf6 4. d3 Bc5 5. Nc3 h6 6. O-O d6 7. h3 O-O 8. Be3
Bb6 9. Qd2 Be6 10. Bxe6 fxe6 11. Ne2 Qe8 12. Ng3 Nh5 13. Ne2 Qg6 14. Nh4 Qf6
15. Nf3 Rf7 16. Bxb6 axb6 17. a3 Ne7 18. Qe3 Ng6 19. Nh2 Raf8 20. Ng4 Qh4 21.
Rae1 Nhf4 22. Ng3 c5 23. Nh2 d5 24. Nf3 Qe7 25. exd5 exd5 26. Nxe5 Rf6 27. Nxg6
Qxe3 28. Ne7+ Qxe7 29. Rxe7 R6f7 30. Rxf7 Rxf7 31. Re1 b5 32. Re5 c4 33. d4 g6
34. Ne2 Nxe2+ 35. Rxe2 Rf4 36. c3 Kf7 37. Re3 Kf6 38. g3 Rf5 39. Kg2 h5 40. f4
g5 41. Kf3 h4 42. Re5 hxg3 43. Rxf5+ Kxf5 44. fxg5 g2 45. Kxg2 Kxg5 46. Kg3 Kh5
47. Kf4 Kh4 48. Ke5 Kxh3 49. Kxd5 Kg3 50. Ke6 1-0

[Event "Pige NM Gruppe B 2011"]
[Site "Jetsmark"]
[Date "2011.04.09"]
[Round "2"]
[White "Segerfelt, Louise"]
[Black "Larsen, Kristine Aaen"]
[Result "1/2-1/2"]
[WhiteElo "1497"]
[BlackElo "1400"]
[PlyCount "46"]
[EventDate "2011.??.??"]


1. e4 e5 2. Nf3 Nc6 3. Bb5 d6 4. O-O Bd7 5. c3 Nge7 6. Re1 g6 7. d4 exd4 8.
cxd4 Bg7 9. Nc3 a6 10. Ba4 O-O 11. Be3 Bg4 12. Ne2 Bxf3 13. gxf3 b5 14. Bc2 Qd7
15. Ng3 Rfe8 16. Qd2 Qh3 17. Rad1 Rad8 18. f4 d5 19. e5 Qg4 20. Bd3 Nf5 21. Be2
Qh3 22. Bf1 Qg4 23. Be2 Qh3 1/2-1/2

[Event "Pige NM Gruppe B 2011"]
[Site "Jetsmark"]
[Date "2011.04.09"]
[Round "2"]
[White "Olsen, Sara Traber"]
[Black "Haukenes, Alise"]
[Result "1/2-1/2"]
[WhiteElo "1463"]
[BlackElo "1448"]
[PlyCount "38"]
[EventDate "2011.??.??"]


1. e4 e6 2. d4 d5 3. Nd2 c5 4. Ngf3 Nc6 5. exd5 exd5 6. dxc5 Bxc5 7. Nb3 Bb6 8.
h3 Nf6 9. Bd3 h6 10. O-O O-O 11. Bd2 Be6 12. Qc1 Ne4 13. Be3 Bxe3 14. Qxe3 Re8
15. Rfe1 Nf6 16. Qd2 Qd6 17. Rad1 Rac8 18. c3 Bd7 19. Rxe8+ Rxe8 1/2-1/2

[Event "Pige NM Gruppe B 2011"]
[Site "Jetsmark"]
[Date "2011.04.09"]
[Round "2"]
[White "Rodsmoen, Maud"]
[Black "Bengtsson, Jessica"]
[Result "0-1"]
[WhiteElo "1416"]
[BlackElo "1799"]
[PlyCount "50"]
[EventDate "2011.??.??"]


1. e4 c5 2. Nf3 Nc6 3. d4 cxd4 4. Nxd4 Nf6 5. Nc3 e5 6. Ndb5 d6 7. Bg5 a6 8.
Bxf6 gxf6 9. Na3 b5 10. Nd5 Bg7 11. Bd3 Ne7 12. Nxe7 Qxe7 13. O-O O-O 14. c3 f5
15. Re1 f4 16. Bc2 Qg5 17. Kh1 Bf6 18. Qe2 Kh8 19. Rg1 Rg8 20. g3 Bg4 21. Qd3
Qh5 22. Bd1 f3 23. Nc2 Rg6 24. Ne3 Qxh2+ 25. Kxh2 Rh6# 0-1

[Event "Pige NM Gruppe B 2011"]
[Site "Jetsmark"]
[Date "2011.04.09"]
[Round "3"]
[White "Olsen, Sara Traber"]
[Black "Rodsmoen, Maud"]
[Result "1-0"]
[WhiteElo "1463"]
[BlackElo "1416"]
[PlyCount "173"]
[EventDate "2011.??.??"]


1. e4 e5 2. Nf3 Nc6 3. d4 exd4 4. Nxd4 Nf6 5. Nxc6 dxc6 6. Qxd8+ Kxd8 7. Bd3
Bc5 8. Bg5 Re8 9. f3 h6 10. Bh4 Bd7 11. Nd2 Kc8 12. O-O-O b5 13. Rhe1 g5 14.
Bg3 Nh5 15. Rh1 Nxg3 16. hxg3 Re6 17. f4 Bf8 18. Nf3 Bg7 19. fxg5 hxg5 20. Rh7
Bh6 21. Rh1 g4+ 22. R7xh6 gxf3 23. gxf3 Rxh6 24. Rxh6 Kb7 25. g4 Be6 26. a3 Rg8
27. Be2 Kc8 28. b3 Kd7 29. c4 a6 30. Rh5 Kd6 31. a4 c5 32. Kc2 b4 33. g5 Ke5
34. g6+ Kd4 35. gxf7 Bxf7 36. Rh6 Ke3 37. Bd1 Rg2+ 38. Kc1 Rg6 39. Rh7 Rf6 40.
e5 Rf5 41. Rh6 Rxe5 42. Rxa6 Re6 43. Ra7 Re7 44. Ra6 Re6 45. Ra7 Re7 46. a5 Be8
47. Ra6 Kd4 48. Ra8 Bc6 49. Rd8+ Ke3 50. a6 Kf4 51. a7 Re3 52. a8=Q Rc3+ 53.
Kd2 Bxa8 54. Rxa8 Ke5 55. Rd8 c6 56. Rc8 Kd6 57. f4 Rh3 58. f5 Rh6 59. Bc2 Rf6
60. Rd8+ Ke7 61. Rg8 Rf7 62. Rg6 Kd7 63. Rg1 Ke7 64. Re1+ Kd7 65. Re6 Rf8 66.
Ke3 Rg8 67. Kf4 Rg2 68. Be4 Rb2 69. Bxc6+ Kc7 70. Ba4 Ra2 71. Rc6+ Kd8 72. Rxc5
Ke7 73. Rc6 Kf7 74. c5 Ke7 75. f6+ Kf7 76. Ke5 Re2+ 77. Kd5 Rd2+ 78. Kc4 Rd8
79. Rd6 Rb8 80. c6 Rc8 81. Kxb4 Rb8+ 82. Kc5 Rc8 83. b4 Ra8 84. Bb3+ Kf8 85. c7
Ke8 86. Ba4+ Rxa4 87. c8=Q+ 1-0

[Event "Pige NM Gruppe B 2011"]
[Site "Jetsmark"]
[Date "2011.04.09"]
[Round "3"]
[White "Nhung, Elin"]
[Black "Nicolajsen, Thea"]
[Result "1-0"]
[WhiteElo "1310"]
[BlackElo "1666"]
[PlyCount "75"]
[EventDate "2011.??.??"]


1. e4 c5 2. Nf3 Nc6 3. Bc4 Nf6 4. d3 g6 5. O-O Bg7 6. Bg5 O-O 7. Nc3 d6 8. Rb1
a6 9. a4 Bd7 10. Re1 Qc7 11. Qd2 Bg4 12. Qe3 Bxf3 13. Qxf3 Ne5 14. Qe3 Nxc4 15.
dxc4 Rae8 16. Qf3 Qc6 17. b3 Rd8 18. Rbd1 h5 19. Nd5 Nxd5 20. exd5 Qd7 21. Re4
f6 22. Be3 Kf7 23. Re6 Rh8 24. Re1 Bf8 25. Bg5 f5 26. h3 Re8 27. g4 hxg4 28.
hxg4 Rc8 29. gxf5 Rc7 30. fxg6+ Ke8 31. Qf7+ Kd8 32. g7 Bxg7 33. Qxg7 Qe8 34.
Rxe7 Rh1+ 35. Kxh1 Qh5+ 36. Kg1 Qg4+ 37. Kh2 Qh5+ 38. Kg3 1-0

[Event "Pige NM Gruppe B 2011"]
[Site "Jetsmark"]
[Date "2011.04.09"]
[Round "3"]
[White "Linde, Sif Tylvad"]
[Black "Segerfelt, Louise"]
[Result "0-1"]
[WhiteElo "1283"]
[BlackElo "1497"]
[PlyCount "78"]
[EventDate "2011.??.??"]


1. e4 e5 2. Nf3 Nc6 3. Bc4 Bc5 4. c3 Nf6 5. d3 d6 6. O-O Bg4 7. Nbd2 O-O 8. Re1
Ne7 9. Nf1 Ng6 10. h3 Be6 11. Bb3 c6 12. d4 Bb6 13. Bc2 exd4 14. cxd4 Qd7 15.
Ng5 Rae8 16. Ng3 Bc4 17. b3 Ba6 18. Bb2 h6 19. Nf3 Ba5 20. Re3 Nf4 21. Nf5 Kh8
22. N3h4 g5 23. d5 Re5 24. Bxe5 dxe5 25. Nf3 Bc3 26. Rb1 cxd5 27. exd5 N4xd5
28. Nxe5 Qc7 29. Rxc3 Nxc3 30. Qd4 Ne2+ 31. Kh1 Nxd4 32. Nxd4 Qxe5 33. Nf3 Qe2
34. Nd4 Qxf2 35. Rd1 Bf1 36. Rxf1 Qxf1+ 37. Kh2 Qf4+ 38. Kh1 Qxd4 39. Bf5 Re8
0-1

[Event "Pige NM Gruppe B 2011"]
[Site "Jetsmark"]
[Date "2011.04.09"]
[Round "3"]
[White "Haukenes, Alise"]
[Black "Bengtsson, Jessica"]
[Result "1/2-1/2"]
[WhiteElo "1448"]
[BlackElo "1799"]
[PlyCount "90"]
[EventDate "2011.??.??"]


1. d4 d5 2. Nf3 Nf6 3. Bf4 c5 4. c3 Nc6 5. e3 Qb6 6. Qd2 Ne4 7. Qc2 cxd4 8.
cxd4 Nb4 9. Qb3 Qa5 10. Nbd2 Bd7 11. Qd1 Ba4 12. b3 Bb5 13. Bxb5+ Qxb5 14. Nxe4
dxe4 15. Ne5 e6 16. Qe2 Nd3+ 17. Kf1 Rc8 18. f3 f5 19. Nc4 Qd5 20. Bg3 b5 21.
Ne5 Rc3 22. Rd1 Nb4 23. f4 g6 24. h4 Rc2 25. Rd2 Rc1+ 26. Be1 Bg7 27. h5 Nd3
28. Nxd3 exd3 29. Qxd3 Kf7 30. hxg6+ hxg6 31. Rxh8 Bxh8 32. Rc2 Rxc2 33. Qxc2
Qd7 34. Qc5 Bg7 35. Bb4 Qb7 36. Qc2 Bf8 37. Bxf8 Kxf8 38. Qc5+ Kf7 39. Qc2 Kf6
40. Kf2 Qh7 41. Qc8 Qh4+ 42. Kf3 Qg4+ 43. Kf2 Qh4+ 44. Kf3 Qg4+ 45. Kf2 Qh4+
1/2-1/2

[Event "Pige NM Gruppe B 2011"]
[Site "Jetsmark"]
[Date "2011.04.09"]
[Round "3"]
[White "Hauksdottir, Hrund"]
[Black "Larsen, Kristine Aaen"]
[Result "1/2-1/2"]
[WhiteElo "1497"]
[BlackElo "1400"]
[PlyCount "38"]
[EventDate "2011.??.??"]


1. e4 e5 2. Nf3 Nc6 3. Bc4 Bc5 4. O-O Nf6 5. d4 exd4 6. e5 Ng4 7. Bxf7+ Kxf7 8.
Ng5+ Ke8 9. Qxg4 Nxe5 10. Qe4 d6 11. f4 d3+ 12. Kh1 dxc2 13. Nc3 Kf8 14. Bd2
Bf5 15. Qe1 h6 16. Nge4 c1=Q 17. Rxc1 Nd3 18. Qe2 Nxc1 19. Rxc1 Kf7 1/2-1/2

[Event "Pige NM Gruppe B 2011"]
[Site "Jetsmark"]
[Date "2011.04.10"]
[Round "4"]
[White "Rodsmoen, Maud"]
[Black "Hauksdottir, Hrund"]
[Result "1-0"]
[WhiteElo "1416"]
[BlackElo "1497"]
[PlyCount "57"]
[EventDate "2011.??.??"]


1. e4 e5 2. Nf3 Nc6 3. Bb5 a6 4. Ba4 Bc5 5. O-O d6 6. c3 b5 7. Bc2 Nf6 8. d4
Bb6 9. h3 O-O 10. Re1 Re8 11. Bg5 h6 12. Bh4 Bb7 13. Bg3 exd4 14. cxd4 Nb4 15.
Nbd2 Nxc2 16. Qxc2 d5 17. exd5 Qxd5 18. Nb3 Qh5 19. Ne5 Nd5 20. Nc5 Bc8 21. Qe4
Bxh3 22. Qxd5 Ba5 23. Red1 Bg4 24. f3 Bf5 25. Qb3 Be6 26. Rac1 Rad8 27. Qc3 Qg5
28. f4 Qe7 29. Nc6 1-0

[Event "Pige NM Gruppe B 2011"]
[Site "Jetsmark"]
[Date "2011.04.10"]
[Round "4"]
[White "Bengtsson, Jessica"]
[Black "Olsen, Sara Traber"]
[Result "1-0"]
[WhiteElo "1799"]
[BlackElo "1463"]
[PlyCount "45"]
[EventDate "2011.??.??"]


1. e4 d6 2. d4 Nf6 3. Nc3 g6 4. Nf3 Bg7 5. h3 c6 6. a4 a5 7. Bd3 O-O 8. Bc4 d5
9. Bd3 dxe4 10. Nxe4 Nxe4 11. Bxe4 Nd7 12. O-O Kh8 13. c3 Nb6 14. Qe2 Nd5 15.
Bg5 Nf6 16. Bd3 Be6 17. Ne5 Nd5 18. h4 Qd6 19. h5 Nc7 20. Rae1 Rac8 21. f4 f6
22. Nxg6+ hxg6 23. hxg6 1-0

[Event "Pige NM Gruppe B 2011"]
[Site "Jetsmark"]
[Date "2011.04.10"]
[Round "4"]
[White "Segerfelt, Louise"]
[Black "Haukenes, Alise"]
[Result "1-0"]
[WhiteElo "1497"]
[BlackElo "1448"]
[PlyCount "67"]
[EventDate "2011.??.??"]


1. e4 e6 2. d4 d5 3. exd5 exd5 4. Bd3 Bd6 5. Nf3 Bg4 6. h3 Bh5 7. O-O Ne7 8.
Be3 O-O 9. Bxh7+ Kh8 10. Bd3 Nd7 11. Nbd2 Nf6 12. c3 c6 13. Qc2 Qc7 14. Bg5 Bg6
15. Bxf6 gxf6 16. Nh4 Bh5 17. Bf5 Rg8 18. Qd3 Rg5 19. Ndf3 Rg7 20. Kh1 Rag8 21.
Rg1 Ng6 22. Rae1 Nxh4 23. Nxh4 Bf4 24. Bg4 Bxg4 25. hxg4 Rxg4 26. Qh3 Bh6 27.
Nf5 Qf4 28. Nxh6 Rh4 29. Nxg8 Rxh3+ 30. gxh3 Qf3+ 31. Rg2 Kh7 32. Re3 Qf5 33.
Reg3 Qf4 34. Rg4 1-0

[Event "Pige NM Gruppe B 2011"]
[Site "Jetsmark"]
[Date "2011.04.10"]
[Round "4"]
[White "Nhung, Elin"]
[Black "Larsen, Kristine Aaen"]
[Result "1/2-1/2"]
[WhiteElo "1310"]
[BlackElo "1400"]
[PlyCount "72"]
[EventDate "2011.??.??"]


1. e4 e5 2. Nf3 Nc6 3. Bc4 d6 4. O-O Bg4 5. h3 Bh5 6. d3 Nf6 7. Bg5 Nd4 8. Nbd2
h6 9. Be3 Nxf3+ 10. Nxf3 Be7 11. c3 Qd7 12. Qe2 d5 13. exd5 Nxd5 14. g4 Bg6 15.
Nxe5 Qd6 16. Nxg6 fxg6 17. Qf3 c6 18. Rfe1 Rf8 19. Qe4 Nxe3 20. Rxe3 Rc8 21.
Rae1 Rc7 22. Rf3 Rxf3 23. Qxf3 Kd8 24. Qf7 Qf6 25. Qe6 Rd7 26. Qxf6 gxf6 27. d4
c5 28. Rd1 cxd4 29. Rxd4 Rxd4 30. cxd4 Kd7 31. Kf1 f5 32. f3 fxg4 33. hxg4 Bf6
34. b3 Bxd4 35. Ke2 g5 36. Kd3 Be5 1/2-1/2

[Event "Pige NM Gruppe B 2011"]
[Site "Jetsmark"]
[Date "2011.04.10"]
[Round "4"]
[White "Nicolajsen, Thea"]
[Black "Linde, Sif Tylvad"]
[Result "1-0"]
[WhiteElo "1666"]
[BlackElo "1283"]
[PlyCount "81"]
[EventDate "2011.??.??"]


1. d4 d5 2. c4 dxc4 3. e3 Nf6 4. Bxc4 Bf5 5. Qb3 e6 6. Nc3 Nbd7 7. Nge2 Nb6 8.
Ng3 Nxc4 9. Qxc4 Bg6 10. Qb5+ Nd7 11. Qxb7 Bd6 12. O-O O-O 13. Qf3 Qe7 14. a3
Rac8 15. b4 c6 16. Nce4 Bb8 17. Bb2 f5 18. Nc5 Nxc5 19. dxc5 e5 20. Rfe1 Qe6
21. Rad1 Rce8 22. Nf1 Qc8 23. Qe2 Re6 24. Qd2 Re7 25. f3 Bf7 26. Qc3 Rfe8 27.
Nd2 Bc7 28. Nc4 Qb8 29. Nd6 Bxd6 30. cxd6 Re6 31. Qxc6 Rd8 32. Qc2 Bg6 33. Qc3
Rdxd6 34. Rxd6 Qxd6 35. f4 Re7 36. fxe5 Qd7 37. Qc4+ Bf7 38. Qc3 Bg6 39. Qd4
Qc7 40. Rc1 Qb7 41. Qc4+ 1-0